Word Ladder: Game of Thrones Quiz Stats

Quiz Updated Jun 4, 2016

Challenge
Share
Tweet
Embed
Score 0/60 Timer 08:00
5 Plays Today
Hint 4-Letter Word % Correct
House Tyrell's sigil flowerROSE
86.7%
SolitaryLONE
85.9%
Lengthy, like a book seriesLONG
84.8%
Part played by an actor or actressROLE
84.3%
GraspHOLD
82.3%
Something you digHOLE
82.2%
Protection for a footSHOE
82.2%
Title held by Robert, Joffrey and TommenKING
81.1%
Spear color on Martell sigilGOLD
79.8%
Corner chess pieceROOK
79.6%
Item Jaime Lannister is missingHAND
79.4%
Theatrical productionSHOW
79.2%
Lannister's castle name, Casterly ____ROCK
79.2%
Green citrus fruitLIME
78.7%
Assume an upright positionRISE
78.6%
Seven Kingdoms throne materialIRON
76.8%
Large entrance roomHALL
76.6%
Lannister words, 'Hear me ____'ROAR
76.4%
Country formerly known as PersiaIRAN
76.4%
What the 'Mad King' was notSANE
76%
What the Night's Watch defendWALL
75.7%
The North's surname for illegitimate kidsSNOW
75%
To plunge into waterDIVE
74.8%
Traditional stories and fablesLORE
74.4%
House Lannister's sigil animalLION
74.4%
Surname in Dorne for illegitimate kidsSAND
73.4%
War of the ____ KingsFIVE
73%
To take a mealDINE
71.6%
A ringing soundDING
70.8%
Leader of one of the Seven KingdomsLORD
69.7%
Hint 4-Letter Word % Correct
Nickname of Catelyn Stark's second sonBRAN
69.5%
Method of killing White WalkersFIRE
69.3%
Unit of Italian currency (pre-Euro)LIRE
68.8%
To fly upward or down, like Lysa ArrynSOAR
67%
Freight or cargoLOAD
66.7%
House Baratheon's sigil animalSTAG
66.5%
Tyrion Lannister's loverSHAE
66.4%
A famous or talented personSTAR
65.9%
A nickname for HenryHANK
65%
To prod or inciteGOAD
64.6%
Jeff Bridges sci-fi filmTRON
64.4%
A military position, for exampleRANK
62.7%
Ned Stark portrayer's first nameSEAN
61.9%
Ned Stark portrayer's surnameBEAN
61.5%
Donkey, Diddy & Dixie's surnameKONG
61.5%
To kiss sloppilySNOG
58.7%
Westerlands surname for illegitimate kidsHILL
57.6%
Common word suffixTION
57.6%
Shelving, often attached to a wallRACK
57.5%
To stir upRILE
56.5%
To represent in artLIMN
56.3%
To catch and tear somethingSNAG
56%
Kingdom run by House ArrynVALE
55.2%
A small brook or streamRILL
49.9%
A weltWALE
48.7%
Highway, like the River ____ in WesterosROAD
46.7%
Blade on a windmill wheelVANE
46.2%
Cross used in crucifixionROOD
45%
Language from the Tai groupSHAN
44.5%
George R.R. Martin's Westeros epicSONG
42.3%

Today's Daily Dose

Missing Word
1974 Movies A-Z

Word Ladder
The White Album

Quick Pick
Gods of War

On This Day
February 22nd II

You're not logged in!

Compare scores with friends on all Sporcle quizzes.
Sign Up with Email
OR
Log In

You Might Also Like...

Show Comments

Extras

Top Quizzes Today


Score Distribution

Your Account Isn't Verified!

In order to create a playlist on Sporcle, you need to verify the email address you used during registration. Go to your Sporcle Settings to finish the process.